| 000 | 00457nam a22001697a 4500 | ||
|---|---|---|---|
| 003 | CEME | ||
| 005 | 20210628203434.0 | ||
| 008 | 210119b xxu||||| |||| 00| 0 eng d | ||
| 040 | _cceme | ||
| 082 | _a020 RAH | ||
| 100 |
_aRalhan, Punit _965476 |
||
| 245 | _aCurrent tools and techniques in library science | ||
| 260 |
_aJAIPUR _bOXFORD _c2009 |
||
| 300 | _aV,318P | ||
| 650 |
_aCURRENT TOOLS AND TECHNIQUES IN LIBRARY SCIENCE _965477 |
||
| 942 |
_cBK _2ddc |
||
| 999 |
_c573669 _d573669 |
||